You want women to vote, Lizzie Stanton? / (Record no. 2862)

MARC details
000 -LEADER
fixed length control field 01518pam a2200349 a 4500
005 - DATE AND TIME OF LATEST TRANSACTION
control field 20240118141014.0
020 ## - INTERNATIONAL STANDARD BOOK NUMBER
International Standard Book Number 0590998226
040 ## - CATALOGING SOURCE
Original cataloging agency DLC
Transcribing agency DLC
Modifying agency DLC
Language of cataloging eng
050 00 - LIBRARY OF CONGRESS CALL NUMBER
Classification number HQ1413.S67
Item number 1995
082 00 - DEWEY DECIMAL CLASSIFICATION NUMBER
Classification number 324.623092
100 1# - MAIN ENTRY--PERSONAL NAME
Personal name Fritz, Jean
245 10 - TITLE STATEMENT
Title You want women to vote, Lizzie Stanton? /
Statement of responsibility, etc. Jean Fritz ; illustrated by DyAnne DiSalvo-Ryan.
250 ## - EDITION STATEMENT
Edition statement First Scholastic printing , October 1996
260 ## - PUBLICATION, DISTRIBUTION, ETC.
Place of publication, distribution, etc. New York :
Name of publisher, distributor, etc. Scholastic ,
Date of publication, distribution, etc. 1995
300 ## - PHYSICAL DESCRIPTION
Extent 88 pages :
Other physical details illustrations ;
Dimensions 20 cm .
490 ## - SERIES STATEMENT
Series statement Unforgettable Americans
505 ## - FORMATTED CONTENTS NOTE
Formatted contents note W <br/>
520 ## - SUMMARY, ETC.
Summary, etc. With her trademark humor and anecdotal style, the Newbery Honor Award-winner and preeminent biographer for young people turns her attention to Elizabeth Cady Stanton, the lively, unconventional spokeswoman of the woman suffrage movement. Convinced from an early age that women should have the same rights as men, Lizzie embarked on a career that changed America.
521 ## - TARGET AUDIENCE NOTE
Target audience note 870 <br/>
Source Lexile <br/>
521 ## - TARGET AUDIENCE NOTE
Target audience note W <br/>
Source Raz-Plus <br/>
650 #0 - SUBJECT ADDED ENTRY--TOPICAL TERM
Topical term or geographic name entry element Feminists
Geographic subdivision United States
General subdivision Biography
-- Juvenile literature.
650 #0 - SUBJECT ADDED ENTRY--TOPICAL TERM
Topical term or geographic name entry element Suffragists
Geographic subdivision United States
General subdivision Biography
-- Juvenile literature.
650 #0 - SUBJECT ADDED ENTRY--TOPICAL TERM
Topical term or geographic name entry element Women
General subdivision Suffrage
Geographic subdivision United States
General subdivision History
-- Juvenile literature.
650 #1 - SUBJECT ADDED ENTRY--TOPICAL TERM
Topical term or geographic name entry element Suffragists.
650 #1 - SUBJECT ADDED ENTRY--TOPICAL TERM
Topical term or geographic name entry element Women's rights.
650 #1 - SUBJECT ADDED ENTRY--TOPICAL TERM
Topical term or geographic name entry element Women
General subdivision Suffrage.
650 #1 - SUBJECT ADDED ENTRY--TOPICAL TERM
Topical term or geographic name entry element Women
General subdivision Biography.
700 2# - ADDED ENTRY--PERSONAL NAME
Personal name DiSalvo-Ryan, DyAnne,
Relator term illustrator
906 ## - LOCAL DATA ELEMENT F, LDF (RLIN)
a 7
b cbc
c orignew
d 1
e ocip
f 19
g y-gencatlg
942 ## - ADDED ENTRY ELEMENTS (KOHA)
Source of classification or shelving scheme Dewey Decimal Classification
Koha item type Books
Suppress in OPAC No
999 ## -
-- 2862
-- 2862
Holdings
Withdrawn status Lost status Source of classification or shelving scheme Damaged status Not for loan Collection Home library Current library Shelving location Date acquired Total Checkouts Full call number Barcode Date last seen Copy number Price effective from Koha item type Date due Date last checked out
    Dewey Decimal Classification     Non-Fiction Footprints International School Library Network Toul Tom Poung Campus Footprints International School Library Network Toul Tom Poung Campus TTP Secondary Non-Fiction Bookshelves 01/18/2024   FRI 324.623092 HQ1413.S67 FISTK04916 01/18/2024 1 01/18/2024 Books    
    Dewey Decimal Classification     Non-Fiction Footprints International School Library Network Toul Tom Poung Campus Footprints International School Library Network Toul Tom Poung Campus TTP Secondary Non-Fiction Bookshelves 01/18/2024 1 FRI 324.623092 HQ1413.S67 FISSE01411 04/01/2026 2 01/18/2024 Books 04/15/2026 04/01/2026